Can You Name Every "Tangled: The Series" Song? - Statistics

General Stats
  • This quiz has been taken 15 times
  • The average score is 14 of 34
Answer Stats
Answer % Correct
1 Ready As I'll Ever Be
90%
1 Wind in My Hair
90%
3 Crossing the Line
80%
2 Next Stop Anywhere
80%
3 Nothing Left to Lose
80%
1 Let Me Make You Proud
70%
2 Waiting in the Wings
70%
1 Life After Happily Ever After
60%
1 Set Yourself Free
60%
1 Wind in My Hair (Reprise)
60%
1 Let Me Make You Proud (Reprise)
50%
1 Listen Up
50%
3 Waiting in the Wings (Reprise)
50%
2 Buddy Song
40%
2 Everything I Ever Thought I Knew
40%
1 Friendship Song
40%
1 I've Got This
40%
1 More of Me
40%
2 Next Stop Anywhere (Reprise)
40%
3 Stronger Than Ever Before
40%
3 The Girl Who Has Everything
40%
3 Through it All
40%
2 If I Could Take That Moment Back
30%
2 The View from up Here
30%
3 Bigger Than That
20%
2 Hook Foot's Ballad
20%
3 I'd Give Anything
20%
2 Livin' the Dream
20%
3 The Girl Who Has Everything (Reprise)
20%
2 With You by My Side
20%
3 Life After Happily Ever After (Finale)
10%
2 Onward to the Dark Kingdom
0%
2 Rocks Point the Way
0%
2 Tower Escape and Destruction
0%
No matching quizzes found
Score Distribution
Percent of People with Each Score
Percentile by Number Answered
Your Score History
You have not taken this quiz